000 00724nam a2200289Ia 4500
005 20260324145136.0
008 008 260324s9999 xx 000 0 eng d
020 _a9781315112091
037 _aEBOOK
040 _aCRL
040 _beng
040 _cCRL
041 _2eng
041 _aeng
084 _qCRL
100 _aCiaran O'Faircheallaigh
_91221909
245 0 _aMining and Development
245 0 _bForeign-Financed Mines in Australia, Ireland, Papua New Guinea and Zambia
260 _bTaylor and Francis
260 _c1984
365 _a
365 _b205
856 _uhttp://www.taylorfrancis.com/books/9781315112091
942 _cEBOOK
999 _c1829409
_d1829409